000 00636nam a2200265Ia 4500
005 20260121164931.0
008 008 260114s9999 xx 000 0 eng d
020 _a9789812871916
037 _aEBOOK
040 _aCRL
040 _beng
040 _cCRL
041 _2eng
041 _aeng
084 _qCRL
100 _aKao, S. M.
_91045464
245 0 _aNarrative development of school children
260 _bSpringer
260 _bSpringer
260 _c2015
856 _uhttps://link.springer.com/openurl?genre=book&isbn=978-981-287-191-6
942 _cEBOOK
999 _c1611187
_d1611187